Storck a szurkolókkal együtt akarja ünnepelni a kupagyőzelmet

Bibliographic Details
Main Author: Mészáros, György, 1988-2021 (Author)
Format: Article
Language:Hungarian
PhysicalDescription:Fotografie
ISSN:1335-7050
Subjects:

MARC

LEADER 00000nab a2200000 4500
001 vtls011971072
003 SK-MaSNL
005 20260318133021.0
008 200602|20200602xo |||| || ||00 0|hun
015 |a SNBRB2020/06 
038 |a DSZK 
040 |a DSZK  |b slo  |c DSZK  |e rda 
041 |a hun 
043 |a e-xo--- 
044 |a xo  |c SK 
072 7 |a 796  |x Šport. Hry. Telesné cvičenia  |2 konspekt 
080 |a 796.332.071.43  |2 2011 
100 1 |a Mészáros, György,  |d 1988-2021  |4 aut  |9 230480 
245 1 0 |a Storck a szurkolókkal együtt akarja ünnepelni a kupagyőzelmet  |c Mészáros György 
300 |b Fotografie 
336 |a text  |b txt  |2 rdacontent 
337 |a bez média  |b n  |2 rdamedia 
338 |a zväzok  |b nc  |2 rdacarrier 
600 1 7 |a Storck, Bernd,  |d 1963-  |2 dszk  |9 1109171 
610 2 7 |a FK DAC 1904 Dunajská Streda  |2 dszk  |9 117991 
650 0 7 |a futbaloví tréneri  |2 SNKPH  |9 68566 
651 7 |a Dunajská Streda (Slovensko)  |2 SNKPHgeo  |9 17375 
773 0 |t Új szó  |g Évf. 73, sz. 126 (2020.6.2), o. 15  |x 1335-7050 
958 |a SK 
958 |a HU 
958 |a RG 
999 |c 2175613  |d 2177543